01363nas a2200181 i 4500001001000000003001000010005001700020008004100037022001300078040003000091041000800121100003200129245012400161300006500285520064100350650001100991773017901002768714001CO-MdFUSB20221003143452.0220930s2014 ck ||||| |||| 00| 0 spa d a20111991 bspacCO-MdFUSBdCO-MdFUSB aspa aDonoso, Benjamín, eautor 3aEjercicio hermenéutico sobre el himno a Cristo de la carta paulina a los Filipenses (Flp 2,5-11)c/ Benjamín Donoso aNúmero 12, (Enero - Junio 2014), páginas 35 -52c; 24 cm aSituado en las circunstancias que vive la comunidad cristiana, en el conjunto literario de la cara y a la luz de los análisis retorico, semiótico y narrativo, este trabajo expone al himno cristológico de los filipenses como presentación sintética del magnánimo recorrido que emprendió Cristo Jesús, entre su condición divina y humana. Así, la obra exhorta a los lectores aun modelo determinado de conducta según los sentimiento que tuvo Cristo Jesús. El efecto en la comunidad creyente no podrá ser otro que configurarse en seguimiento de la persona de cristo de modo libre, diverso (con contraste)y fraterno. 0aBiblia0 068226aPontificia Universidad JaverianaoR2119tReflexiones teológicas :w(CO-MdFUSB)768714001x2011-1991gNúmero 12, (Enero - Junio 2014), páginas 35 -52qpáginas 35